Bfdi: BFB and TPOT Contestants - Statistics

General Stats
  • This quiz has been taken 991 times
    485 since last reset
  • The average score is 42 of 67
Answer Stats
Answer % Correct
Pen
92%
Pin
92%
Firey
86%
Pencil
82%
Flower
81%
Leafy
80%
Golf Ball
79%
Black hole
78%
Tennis Ball
78%
Bubble
75%
Coiny
75%
Match
75%
Blocky
74%
Book
74%
Winner
74%
Snowball
72%
Eraser
71%
Ice Cube
71%
Needle
70%
Tree
69%
Yellow face
69%
Price tag
68%
Spongy
68%
Teardrop
68%
Loser
67%
Basketball
66%
David
66%
Ruby
66%
8 Ball
65%
Bomby
64%
Dora
64%
Fanny
64%
Liy
63%
Donut
61%
Gelatin
61%
Marker
61%
Nickel
61%
Rocky
61%
Puffball
60%
Robot flower
60%
Grassy
59%
Barf bag
58%
Firey JR
58%
Fries
58%
Balloony
56%
Pillow
56%
Roboty
56%
Woody
56%
Foldy
55%
TV
55%
Lightning
54%
Eggy
53%
Gaty
53%
Remote
53%
Bottle
52%
Clock
52%
Stapy
52%
Pie
51%
Bell
50%
Cake
50%
Cloudy
50%
Taco
48%
Naily
46%
Saw
45%
Bracelety
44%
Lolipop
42%
Profiley
15%
No matching quizzes found
Score Distribution
Percent of People with Each Score
Percentile by Number Answered
Your Score History
You have not taken this quiz since the last reset